Statistics for Avengers: Infinity War Quiz

Click here to take the quiz!

General Stats

  • This quiz has been taken 29 times
  • The average score is 15 of 27

Answer Stats

HintAnswer% Correct
Who Was Sacrificed For The Soul Stone?Gamora
92%
Who Was Strangled To Death?Loki
92%
Which Character Was Gifted A New Arm?Winter Soldier
88%
He Was Accompanied By...Black Widow
81%
Who Planted A Hole In Thanos' Chest?Thor
81%
What Was The 5th Infinity Stone Thanos Acquired?Time Stone
73%
Which Character Was Banished To Vormir As A Result Of Abusing The Tesseract?Red Skull
69%
Who Was The Character That Gave This To Him?Black Panther
65%
Which Character Was Requested By Nick Fury?Captain Marvel
65%
Who's Arm Was An Integral Part Of Strombreaker?Groot
65%
Which Scientist Performed This Surgery?Shuri
65%
Who Was The Secret Reinforcement To Scarlet Witch And Vision?Captain America
62%
Which Actor Played Drax?Dave Bautista
62%
Which Actor Played Vision?Paul Bettany
58%
Which Character Mocked Thor?Star Lord
58%
What Is The Home Planet Of Thanos?Titan
58%
Which Character Died After Relocating The Hulk?Heimdall
54%
Which Black Order Member Was Obliterated By A Huge Blade?Proxima Midnight
54%
Which Black Order Member Was Sucked Into Space?Ebony Maw
50%
And:Falcon
50%
Which Black Order Member Had His Own Weapon Through His Stomach?Corvus Glaive
46%
Which Black Order Was Killed By Dr. BannerCull Obsidian
46%
Which Planet Did Thanos Invade To Acquire The Power Stone?Xandar
31%
How Many Possible Outcomes Did Dr Strange See?14,000,605
23%
What Was Thanos Avoiding By Eliminating 50% Of The Universe?Overpopulation
19%
Roughly How Many Neurons Were Tasked To Be Relocated In Vision's Head?2 Trillion
12%
What Was The Name For Tony Stark's New Suit?Mark 85
12%

Score Distribution

Percentile by Number Answered

Percent of People with Each Score

Your Score History

You have not taken this quiz